Jorge Zeno (Record no. 1368)

MARC details
000 - LÍDER
campo de control de longitud fija 00911nam a2200217Ia 4500
008 - ELEMENTOS DE DATOS DE LONGITUD FIJA - INFORMACIÓN GENERAL
campo de control de longitud fija 0000002001 pr a 0000000000spa00
090 ## - NÚMERO DE LLAMADA DE TIPO LC LOCALMENTE ASIGNADO (OCLC)
Número de clasificación (OCLC) (R) PUS00 L28j
100 1# - ENTRADA PRINCIPAL - NOMBRE PERSONAL
Nombre de la persona Levi Strauss, David
245 10 - TÍTULO DECLARACIÓN
Título Jorge Zeno
Resto del título : semilla abierta = open seed
Declaración de responsabilidad / essay by David Levi Strauss ; photography Víctor Vázquez
260 ## - PUBLICACIÓN, DISTRIBUCIÓN
Lugar de publicación Ponce : Museo de Arte de Ponce
Fecha de publicación 2001
300 ## - DESCRIPCIÓN FÍSICA
Alcance 76 p.
Dimensiones / 28 cm.
500 ## - NOTA GENERAL
Nota general Exposición realizada en el Museo de Arte de Ponce, Ponce (Puerto Rico), Noviembre 18, 2000 Enero 7, 2001 \ Con el patronazgo del maestro venezolano Jesús Rafael Soto (q.e.p.d.)
600 00 - ENTRADA DE SUJETO AÑADIDO - NOMBRE PERSONAL
Nombre de la persona ZENO, JORGE, 1956 /
Subdivisión general TRABAJOS PICTORICOS
650 14 - ENTRADA DE SUJETO AÑADIDO - TÉRMINO TÓPICO
Término tópico o elemento de entrada del nombre geográfico PINTURA ESTADOUNIDENSE
650 14 - ENTRADA DE SUJETO AÑADIDO - TÉRMINO TÓPICO
Término tópico o elemento de entrada del nombre geográfico ARTE CONTEMPORANEO ESTADOUNIDENSE
650 14 - ENTRADA DE SUJETO AÑADIDO - TÉRMINO TÓPICO
Subdivisión general CATALOGOS
650 14 - ENTRADA DE SUJETO AÑADIDO - TÉRMINO TÓPICO
Subdivisión general EXPOSICIONES
650 14 - ENTRADA DE SUJETO AÑADIDO - TÉRMINO TÓPICO
Término tópico o elemento de entrada del nombre geográfico PINTORES ESTADOUNIDENSES
700 1# - ENTRADA AGREGADA - NOMBRE PERSONAL
Nombre de la persona Vázquez, Víctor
Holdings
Estado de retirada Pérdida de estatus Estado dañado No para préstamo Código de recogida Ubicación permanente Ubicación actual Ubicación de las estanterías Fecha de adquisición Número de llamada completo Código de barras Fecha de la última vez que se vio Número de copia Precio efectivo desde Tipo de artículo Koha
        General ArtNexus ArtNexus General 06/09/2022 P-US-00 L28J 1368 06/09/2022 Ej.1 06/09/2022 Libro

Powered by Koha